| 000 | 00737nam a2200253 a 4500 | ||
|---|---|---|---|
| 999 |
_c4400 _d4400 |
||
| 001 | 1214 | ||
| 003 | BD-DhUAP | ||
| 005 | 20201109121944.0 | ||
| 008 | 201109s1988 ii a 000 0 eng d | ||
| 020 | _a321182040X | ||
| 020 | _a038782040X | ||
| 040 |
_aDLC _cBD-DhUAP _dBD-DhUAP _bEng |
||
| 082 | 0 | 4 |
_a530.41 RIE _223 |
| 100 | _aRiedling, Karl. | ||
| 245 |
_aEllipsometry for industrial applications / _cKarl Riedling. |
||
| 260 |
_aNew York : _bSpringer-verlag, _cc1988. |
||
| 300 |
_axii, 99 pages : _billustrations ; _c25 cm. |
||
| 504 | _aIncludes bibliographies & references. | ||
| 650 | 0 | _aPhysics | |
| 650 | 0 | _aSurfaces (Physics) | |
| 650 | 0 | _aEllipsometry--Industrial applications. | |
| 942 |
_2ddc _cBK |
||